[Event "Sharjah Master 2024"]
[Site "Shsrjah - Abu Dhabi"]
[Date "2024.05.14"]
[Round "1.1"]
[White "Erigaisi, Arjun Kumar"]
[Black "Safarli, Eltaj"]
[Result "1-0"]
[WhiteElo "2761"]
[BlackElo "2594"]
[PlyCount "89"]
[EventDate "2024.05.14"]
[EventCountry "UAE"]

{[%evp 20,89,24,22,57,51,60,59,69,69,79,82,88,88,126,122,214,212,208,198,200,222,223,200,198,196,194,200,191,195,238,219,215,224,289,284,280,290,282,271,299,271,275,269,256,265,290,260,247,253,244,214,238,221,255,221,316,316,386,386,479,479,437,446,605,511,492,506,498,481,556,565]} 1. e4 c5 2. Nf3 d6 3. d4 cxd4 4. Nxd4 Nf6 5. Nc3 a6 6. Be2 e5 7. Nb3 Be7 8. Be3 Be6 9. Nd5 Nxd5 10. exd5 Bf5 11. Qd2 Nd7 12. Na5 Qc7 13. c4 O-O {White is slightly better.} 14. O-O Bg6 15. b4 f5 {...f4 is the strong threat.} 16. f4 Nf6 $146 ({RR} 16... Bf6 {16...ae8 1.07} 17. Rac1 b6 18. Nc6 h6 19. a4 a5 20. bxa5 bxa5 21. Rb1 $2 ({White should try} 21. c5 $18) 21... Bh7 (21... exf4 $1 $11 {and Black is okay.} 22. Bxf4 Rfe8) 22. Rb5 exf4 23. Bxf4 g5 24. Be3 Nc5 25. Rxc5 dxc5 26. Bxc5 Rf7 (26... Rfd8 $16 {is a better defense.} 27. Qc1 Rdc8) 27. Bf3 Rc8 28. Rb1 $2 (28. Bh5 $18) 28... g4 29. d6 Qd7 30. Rb7 Qxb7 31. Ne7+ $1 {Defromont,B (2396)-Brahami,L (2195) Djerba TUN 2024 1-0 (60)}) ({RR} 16... exf4 17. Bxf4 Bf6 (17... Rae8 $16) 18. Rac1 Be5 19. c5 Rae8 20. c6 bxc6 21. Nxc6 Qb6+ 22. Kh1 Bxf4 23. Rxf4 Nf6 24. Bc4 Re4 (24... Nh5 $142) 25. a4 Rfe8 26. h3 Nh5 27. Rf3 f4 28. Bd3 $2 (28. Kh2 $16) 28... Ng3+ $2 (28... Re3 $15 {keeps the upper hand.} 29. Bxg6 hxg6) 29. Kh2 Re3 30. Bxg6 Rxf3 (30... hxg6 $16 31. Rxf4 Ne2 {[%mdl 64] Double Attack}) 31. Bxe8 $4 {[%mdl 8192] Kashtanov,R (2357)-Krzyzanowski,M (2520) chess.com INT 2024 0-1 (32)} (31. a5 $1 $18 {[%cal Ra5b6] is the narrow road to win.} Qe3 32. Qxe3 Rexe3 33. gxf3 Re2+ 34. Kg1 hxg6 35. b5 axb5 36. Ra1)) ({RR} 16... Bf6 {16...ae8 0.85} 17. Rac1 exf4 18. Bxf4 Ne5 19. Nb3 (19. c5 $18) 19... b6 (19... Qd7 $16) 20. Kh1 h6 21. c5 Bh7 (21... bxc5 {keeps fighting.} 22. bxc5 Bf7) 22. Nd4 Rf7 23. Ne6 Qd7 24. cxd6 g5 25. Rc7 Qxd6 26. Rc6 Qd7 27. Bxe5 Bxe5 28. Bc4 b5 29. Bb3 Kh8 (29... Bd6 {was necessary.} 30. Nc5 Qe7) 30. Nc5 Qe8 31. Rxh6 {Lopez del Alamo,A (2237)-Aditya,V (2325) chess.com INT 2024 0-1 (66)}) ({RR} 16... Bf6 {16...ae8 0.80} 17. Rac1 b6 18. Nc6 h6 19. a4 a5 20. bxa5 bxa5 21. Rb1 (21. c5 $18) 21... Bh7 (21... exf4 $14 22. Bxf4 Rfe8) 22. Rb5 exf4 23. Bxf4 g5 24. Be3 Nc5 25. Rxc5 dxc5 26. Bxc5 Rf7 (26... Rfd8 $16 {was worth a try.} 27. Qc1 Rdc8) 27. Bf3 Rc8 28. Rb1 $2 (28. Bh5 $18) 28... g4 29. d6 Qd7 30. Rb7 Qxb7 31. Ne7+ $1 {Defromont,B (2396)-Brahami,L (2195) Djerba TUN 2024 1-0 (60)}) ({RR} 16... exf4 17. Bxf4 Bf6 (17... Rae8 $16) 18. Rac1 Be5 19. c5 Rae8 20. c6 bxc6 21. Nxc6 Qb6+ 22. Kh1 Bxf4 23. Rxf4 Nf6 24. Bc4 Re4 25. a4 Rfe8 26. h3 Nh5 27. Rf3 f4 28. Bd3 $2 (28. a5 $18 Qb7 29. Kh2) 28... Ng3+ $2 (28... Re3 $15 29. Bxg6 hxg6) 29. Kh2 Re3 30. Bxg6 $1 Rxf3 (30... hxg6 $16 31. Rxf4 Ne2 {[%mdl 64] Double Attack}) 31. Bxe8 $4 {[%mdl 8192] Kashtanov,R (2357)-Krzyzanowski,M (2520) chess.com INT 2024 0-1 (32)} (31. a5 $1 $18 {[%cal Ra5b6]} Qe3 32. Qxe3 Rexe3 33. gxf3 hxg6 34. b5 axb5 35. Ra1)) ({RR} 16... Bf6 {16...ae8 0.94} 17. Rac1 exf4 18. Bxf4 Ne5 (18... Be5 $16) 19. Nb3 (19. c5 $18) 19... b6 (19... Qd7 $16) 20. Kh1 h6 (20... Rfe8 $16) 21. c5 Bh7 (21... Bf7 $142 22. Be3 bxc5) 22. Nd4 Rf7 23. Ne6 Qd7 24. cxd6 g5 25. Rc7 Qxd6 26. Rc6 Qd7 27. Bxe5 Bxe5 28. Bc4 b5 (28... f4 $142 29. Rxb6 Bd6 30. Bxa6 Bf5) 29. Bb3 Kh8 30. Nc5 Qe8 31. Rxh6 {Lopez del Alamo,A (2237)-Aditya,V (2325) chess.com INT 2024 0-1 (66)}) 17. fxe5 Ne4 $6 {Inaccuracy. dxe5 was best.} (17... dxe5 18. c5 f4 19. Bf2 $1 Ne4 20. Qe1 Nxf2 21. Qxf2 Qd8 22. d6 Bh4 23. Qf3 $1) (17... dxe5 $16 {might work better.} 18. c5 f4) 18. Qe1 $18 dxe5 19. c5 Bf6 20. d6 Qd7 21. Nc4 Rae8 22. Nb6 Qd8 23. d7 Re7 24. Rd1 Kh8 25. Bd3 f4 26. Bc1 Ng5 $6 {Inaccuracy. Nc3 was best.} (26... Nc3 27. Bxg6 $1 Nxd1 {[#]} 28. Be4 $1 Ne3 29. Bxe3 fxe3 30. Qxe3 Ref7 31. Qd3 a5 {[#]} 32. a3 $1) 27. Bxg6 hxg6 28. Qh4+ Nh7 29. Qg4 g5 30. Nc8 Rxd7 31. Qxd7 ({But not} 31. Rxd7 $6 Qxc8 32. Rf3 Qc6 $16) 31... Qxc8 32. Rfe1 a5 33. a3 axb4 34. axb4 Qa8 35. h3 Re8 {and the idea ...e4 leaves Black hopeful.} 36. Qd5 Nf8 37. Bb2 {[%cal Rb2e5]} Qa4 (37... Ng6 $142 38. Qf7 Nh4) 38. Qxb7 g4 39. hxg4 Qc2 $6 {Inaccuracy. Qb3 was best.} (39... Qb3 40. g5 Bxg5 41. Qf3 Qxb2 42. Qh5+ Kg8 43. Qxg5 Re6 44. Qf5 Qxb4 45. Rxe5) 40. Qf7 {White is clearly winning.} f3 41. gxf3 Bh4 42. Qh5+ Kg8 {Hoping for ...Qf2+.} 43. Qxh4 (43. Qxe8 {is a self mate.} Qf2+ 44. Kh1 Qxf3+ 45. Kh2 Bg3+ 46. Kh3 Bf2+ {[%mdl 64] Discovered Attack} 47. Kh2 Qg3+ 48. Kh1 Qh3#) 43... Qxb2 44. Qf2 Qxb4 45. Qa2+ {Accuracy: White = 97%, Black = 53%.} 1-0

[Event "Sharjah Master 2024"]
[Site "Shsrjah - Abu Dhabi"]
[Date "2024.05.14"]
[Round "1.2"]
[White "Vokhidov, Shamsiddin"]
[Black "Maghsoodloo, Parham"]
[Result "1/2-1/2"]
[WhiteElo "2591"]
[BlackElo "2732"]
[PlyCount "60"]
[EventDate "2024.05.14"]
[EventCountry "UAE"]

{[%evp 9,60,29,28,29,33,33,37,40,48,43,43,37,43,26,34,7,7,11,8,-5,-4,-6,0,0,14,10,30,12,12,0,0,0,0,0,0,0,0,-39,0,0,0,0,0,0,0,0,0,0,0,0,0,0,0]} 1. e4 c6 2. d4 d5 3. e5 Bf5 4. h4 h5 5. Bd3 Bxd3 6. Qxd3 Qa5+ 7. Nd2 e6 8. Ngf3 {White is slightly better.} Qa6 9. c4 Bb4 10. O-O Ne7 11. b3 c5 12. Bb2 $146 ({RR} 12. dxc5 Nbc6 (12... Nd7 $11 {remains equal.}) 13. Qc2 dxc4 (13... Bxd2 $16 14. Bxd2 dxc4) 14. Nxc4 Bxc5 {[#]} 15. Be3 $1 {[%cal Re3c5]} Ba3 16. b4 b5 $2 (16... Nxb4 17. Qb3 Nc2) 17. Nd6+ Kf8 18. Bc5 Bxb4 19. Ng5 Bxc5 20. Qxc5 Qb6 21. Qxb6 axb6 22. Ndxf7 Rg8 23. Nd6 (23. Rac1 $142) 23... Ng6 $2 (23... Nd5 {might work better.} 24. Nxb5 Ke7) 24. f4 Ke7 25. Nxb5 Nxh4 26. Rac1 Rgc8 {Popov,K (2364)-Hammer,J (2612) chess.com INT 2024 1-0 (31)}) 12... cxd4 13. Nxd4 Nbc6 14. Nxc6 Nxc6 15. Rfd1 O-O 16. Qf3 Qa5 17. cxd5 {[#] Black must now prevent Nc4.} exd5 18. Nf1 {[%cal Bd2f1,Bf1e3,Be3g4][%mdl 32] aiming for a3.} d4 $1 19. Qxh5 Bc3 20. Bxc3 dxc3 21. Ne3 Rad8 22. Qg5 Rfe8 23. Ng4 Rxd1+ 24. Rxd1 {Nf6+ is the strong threat.The position is equal.} Kf8 25. Nf6 $36 {[%mdl 2048] White has good play.} Rd8 26. Nd7+ Ke8 27. Qxg7 {[%csl Gd7][%cal Rg7f8]} Rxd7 28. Qh8+ Ke7 29. Qf6+ Ke8 30. Qh8+ $1 Ke7 {Accuracy: White = 84%, Black = 92%.} 1/2-1/2

[Event "Sharjah Master 2024"]
[Site "Shsrjah - Abu Dhabi"]
[Date "2024.05.14"]
[Round "1.3"]
[White "Yu, Yangyi"]
[Black "Nesterov, Arseniy"]
[Result "1/2-1/2"]
[WhiteElo "2728"]
[BlackElo "2589"]
[PlyCount "129"]
[EventDate "2024.05.14"]
[EventCountry "UAE"]

{[%evp 15,129,35,37,14,19,17,31,30,35,33,29,31,31,23,32,28,37,5,1,2,2,1,3,0,0,0,3,0,0,0,0,2,2,0,0,0,0,0,0,0,0,0,0,0,0,0,0,0,0,0,0,0,0,0,0,0,0,0,0,0,0,0,0,0,0,0,0,0,0,0,0,0,0,0,0,0,0,0,0,0,0,0,0,0,0,0,0,0,0,0,0,0,0,0,0,0,0,0,0,0,0,0,0,0,0,0,0,0,0,0,0,0,0,0,0,0]} 1. d4 d5 2. c4 e6 3. Nc3 Nf6 4. cxd5 exd5 5. Bg5 c6 6. e3 Be7 7. Bd3 O-O 8. Nf3 Re8 9. h3 Ne4 10. Bf4 Bd6 $146 {aiming for ...Bxf4.} ({RR} 10... Bf5 11. Qc2 Nd7 12. O-O Ndf6 13. Ne5 Bf8 (13... h6 $14) (13... Be6 $14) 14. f3 Nxc3 15. bxc3 $2 (15. Bxf5 $18 Nb5 {[#]} 16. Bg5 $1) ({White has to play} 15. Bxf5 $18 Nb5 16. Bg5) 15... Bxd3 16. Qxd3 Nd7 17. Ng4 b5 18. e4 dxe4 19. fxe4 Nc5 $1 20. Qf3 Nxe4 21. Ne5 $2 (21. Be5 $11 {and White stays safe.} Qd5 22. Rae1) (21. Be5 $11 {and White stays safe.} Qd5 22. Rae1) 21... Qd5 22. Rae1 {[#]} Nf6 $1 23. Nxc6 {[#]} (23. Bg3 $142) (23. Qf2 $17) 23... Qxf3 $1 24. gxf3 Nd5 $2 (24... Rec8 $19 25. Na5 Nd5) ({Black should play} 24... Rec8 $19 25. Na5 Nd5) 25. Bd2 {Bluebaum,M (2658)-Lagno,K (2542) chess.com INT 2024 ½-½ (59)} (25. Rxe8 $1 $15 Rxe8 26. Bd2 $1) (25. Rxe8 $1 $15 Rxe8 26. Bd2)) 11. Ne5 {White is slightly better.White is slightly better.} Bf5 12. Bxe4 Bxe4 13. Nxe4 dxe4 14. O-O Bxe5 15. dxe5 Na6 16. Rc1 Qxd1 $1 {The position is equal.The position is equal.} 17. Rfxd1 (17. Re1 $2 {[%mdl 8192] 17.fxd1 0.05 17.fxd1 0.01} Qxc1 18. Rxc1 Rad8) 17... Rad8 18. Rd6 Rxd6 19. exd6 $11 {[%mdl 4096] Endgame KRB-KRN} Nb8 20. a4 {[%cal Ba2a4,Ba4a5][%mdl 32]} Nd7 21. a5 c5 22. b4 Rc8 23. bxc5 Rxc5 24. Rb1 b6 25. axb6 axb6 26. g4 g6 27. g5 h6 28. h4 hxg5 29. hxg5 Rd5 30. Kg2 Kf8 31. Rb4 Nc5 32. Rxb6 {Threatens to win with Rb8+.} Ne6 33. Kg3 Ke8 34. Kg4 Kd7 35. Rb7+ Ke8 $1 36. Ra7 Nxf4 {KRN-KR} 37. d7+ ({Don't play} 37. Kxf4 $6 Rxd6 38. Kxe4 f6 $16) 37... Ke7 {...Nd3 is the strong threat. White must now prevent ...Nd3.} 38. Kxf4 {KR-KR} Rf5+ 39. Kxe4 Rxf2 40. Kd5 Rg2 41. d8=Q+ Kxd8 42. Rxf7 Rxg5+ 43. Ke6 Rg4 44. Rf4 Rg3 45. Rf8+ Kc7 46. e4 g5 47. e5 g4 48. Ke7 Re3 49. e6 g3 50. Rg8 Kc6 51. Rg5 Kc7 52. Rg6 Kc6 53. Kd8 {aiming for e7+. e7+ is the strong threat.} Rd3+ 54. Ke8 Re3 55. e7+ Kc7 56. Rg7 Rf3 57. Rg8 (57. Rg4 {with more complications.} Re3 58. Rd4 Rf3 59. Rc4+ Kb7 60. Kd7) 57... Re3 58. Rg6 Rf3 59. Rg7 Re3 60. Rg4 (60. Kf8 {is interesting.} Rf3+ 61. Ke8 Re3 62. Kf7 Rf3+) 60... Rc3 61. Rg5 Re3 62. Rg6 Rf3 63. Rg8 Re3 64. Kf8 Rf3+ $1 65. Ke8 {Accuracy: White = 98%, Black = 98%. . Accuracy: White = 96%, Black = 100%.} 1/2-1/2

[Event "Sharjah Master 2024"]
[Site "Shsrjah - Abu Dhabi"]
[Date "2024.05.14"]
[Round "1.4"]
[White "Sethuraman, S.P."]
[Black "Radjabov, Teimour"]
[Result "1/2-1/2"]
[WhiteElo "2588"]
[BlackElo "2723"]
[PlyCount "62"]
[EventDate "2024.05.14"]
[EventCountry "UAE"]

{[%evp 16,62,20,16,29,9,0,7,9,8,8,14,14,18,16,2,2,-25,-26,-45,-48,-50,-47,-50,-4,-7,10,13,37,-20,-19,-120,-123,-108,-51,-45,-48,-50,-34,-28,0,0,0,-6,-2,0,1,1,-2]} 1. e4 e5 2. Nf3 Nc6 3. Nc3 Nf6 4. Bb5 Bb4 5. O-O O-O 6. d3 Bxc3 7. bxc3 d6 8. Bg5 Qe7 9. Re1 a6 10. Bxc6 (10. Ba4 {looks sharper.} Nd8 11. Bb3 Ne6 12. Bc1 b5 13. a4) 10... bxc6 11. Nd2 $146 ({RR} 11. d4 a5 12. Qc1 Qe6 13. dxe5 dxe5 14. Qa3 Nd7 15. Rad1 Re8 16. Be3 Ba6 17. Rd2 Bc4 18. Ng5 Qe7 19. Qxe7 Rxe7 20. a3 Nf6 21. Bc5 Rd7 22. Nf3 Rxd2 23. Nxd2 Bb5 24. f3 Nd7 25. Be3 f6 {Jovanovic,Z (2515)-Bagi,M (2420) Magyarorsz�g 2024 ½-½ (59)}) ({RR} 11. d4 Bg4 12. Qd3 h6 13. Bh4 Qe6 14. Nd2 Nd7 15. f3 Bh5 $1 16. Qc4 c5 17. Bf2 cxd4 18. cxd4 Qxc4 19. Nxc4 exd4 20. Bxd4 f6 21. Reb1 Rfb8 22. Ne3 Bf7 23. a3 Rxb1+ 24. Rxb1 Rb8 25. Rxb8+ Nxb8 {Stevic,H (2541)-Sipos,I (2456) Magyarorsz�g 2024 ½-½ (36)}) 11... h6 12. Bh4 g5 13. Bg3 Bg4 14. f3 Be6 15. d4 Nh5 16. Bf2 Nf4 17. Nb3 f6 18. Na5 Qd7 19. Be3 c5 20. a4 cxd4 21. cxd4 Ng6 22. c3 (22. d5 $14 Bf7 23. c4) 22... f5 $11 23. dxe5 $6 {[#] Inaccuracy. exf5 was best.} (23. exf5 Bxf5) (23. exf5 $11 Bxf5 24. d5) 23... f4 $1 $17 {[%cal Rf4e3]} 24. Bd4 dxe5 $6 {Inaccuracy. c5 was best.} (24... c5 25. exd6 cxd4 26. Qxd4 Rad8 27. Rad1 g4 28. Kh1 Kh7 29. e5 Rf7 30. Rb1) ({Black should try} 24... c5 $17 25. exd6 cxd4 26. Qxd4 Rac8) 25. Bc5 $15 {Black must now prevent Qxd7.} Rf7 26. Qxd7 Rxd7 27. Nc6 Rd2 28. Red1 {The position is equal.} Rc2 29. Rdc1 Rxc1+ 30. Rxc1 Bd7 31. Nb4 Bxa4 {Accuracy: White = 72%, Black = 78%.} 1/2-1/2

[Event "Sharjah Master 2024"]
[Site "Shsrjah - Abu Dhabi"]
[Date "2024.05.14"]
[Round "1.5"]
[White "Tabatabaei, Mohammad Amin"]
[Black "Pranav, V."]
[Result "1-0"]
[WhiteElo "2707"]
[BlackElo "2587"]
[PlyCount "59"]
[EventDate "2024.05.14"]
[EventCountry "UAE"]

{[%evp 10,59,20,19,20,19,18,23,27,18,17,17,23,17,17,16,19,24,38,36,37,33,50,40,53,35,94,85,94,87,180,180,187,187,230,182,185,176,338,343,367,350,335,335,338,317,342,346,514,514,646,630]} 1. e4 e5 2. Nf3 Nc6 3. Bc4 Nf6 4. d3 Bc5 5. O-O d6 6. c3 a5 7. Re1 O-O 8. h3 Ba7 {White has an edge.} 9. Nbd2 {[%cal Bb1d2,Bd2f1,Bf1g3][%mdl 32]} Be6 10. Bb5 Ne7 11. Ba4 Ng6 12. d4 c6 13. Bc2 h6 14. Nf1 Re8 15. Ng3 Qc7 16. Be3 Rad8 17. Qc1 b5 $146 ({RR} 17... Bc8 18. a4 ({Better is} 18. Nf5 $16) 18... Bb6 19. Qb1 (19. Rb1 $16) 19... d5 $1 20. exd5 exd4 21. Bxd4 Rxe1+ 22. Qxe1 Bxd4 23. Nxd4 Rxd5 24. Bb3 Re5 25. Qd2 Nf4 26. Nf3 Re8 27. Re1 Rxe1+ 28. Qxe1 Be6 29. Bxe6 Nxe6 30. Qd2 Qf4 31. Qxf4 Nxf4 32. Ne5 {Ostrovskiy,A (2406)-Bakhrillaev,B (2298) Dubai Police Officers Club, A 2024 ½-½ (41)}) ({RR} 17... Bb8 18. b3 d5 (18... Bc8 $11) 19. exd5 Bxd5 20. Nxe5 Nxe5 21. dxe5 Rxe5 22. c4 Be6 23. f4 Rxe3 24. Qxe3 Qxf4 25. Qxf4 Bxf4 26. Rad1 Ra8 27. Ne2 Be3+ 28. Kf1 Bc5 29. Nf4 Rf8 $2 (29... Bd7 $16 30. Re5 Bb6) 30. Rxe6 fxe6 31. Nxe6 Nd5+ 32. Nxf8) ({RR} 17... Nh7 18. Nf5 f6 19. N3h4 (19. dxe5 $16 Bxe3 20. exd6 Bxf2+ 21. Kxf2 Qb6+ 22. Qe3) 19... Nxh4 20. Nxh4 Ng5 (20... Bb8 $15) 21. f4 exf4 22. Bxf4 Qd7 23. Qe3 d5 24. exd5 (24. e5 $14) 24... Bxd5 25. Qg3 Rxe1+ 26. Rxe1 Re8 27. Nf5 Rxe1+ 28. Qxe1 Qe6 (28... Be6 $11 29. Ne3 Bxa2) 29. Qxe6+ Bxe6 30. h4 Nf7 31. a4 Bb6 32. Kf2 {Sorensen,H (2428)-Ostlund,J (2317) Sweden SWE 2024 ½-½ (38)}) ({RR} 17... Bc8 {17...b8 0.42} 18. a4 (18. Nf5 $16) 18... Bb6 (18... Bb8 $14) 19. Qb1 (19. Nf5 $16) 19... d5 20. exd5 exd4 21. Bxd4 Rxe1+ 22. Qxe1 Bxd4 23. Nxd4 Rxd5 24. Bb3 Re5 25. Qd2 Nf4 26. Nf3 Re8 27. Re1 Rxe1+ 28. Qxe1 Be6 29. Bxe6 Nxe6 30. Qd2 Qf4 31. Qxf4 Nxf4 32. Ne5 {Ostrovskiy,A (2406)-Bakhrillaev,B (2301) Dubai UAE 2024 ½-½ (41)}) (17... Bb8 $14) 18. a4 $16 bxa4 19. Rxa4 c5 $6 {Inaccuracy. Ra8 was best.} (19... Ra8 20. Ra3) (19... Bb6 $16 {keeps fighting.}) 20. d5 $18 Bd7 21. c4 Rb8 $6 {Inaccuracy. Bxa4 was best.} (21... Bxa4 22. Bxa4 Kh7 23. Nf5 Ng8 24. g4 f6 25. Bxe8 Rxe8 26. Bd2 Qd7 27. h4) 22. Nf5 Nf4 23. Ra3 Rb4 $2 {[#] Mistake. Bxf5 was best.} (23... Bxf5 24. exf5 Rb4 25. Nd2 Bb6 26. Kh2 Rb8 27. g3 N4h5 28. Ba4 Qc8 29. Qc2) (23... Bxf5 $142 24. exf5 Rb4) 24. Nxh6+ $1 {[%mdl 512]} Kf8 (24... gxh6 25. Bxf4) 25. Bxf4 exf4 26. Qxf4 Rxc4 27. Bb1 Rb4 28. Ng5 {aiming for Nh7+!} Re7 (28... Qb6 $142 29. Rg3 c4) 29. Rg3 {And now Qxf6 would win.} c4 $6 {[#] Inaccuracy. Ke8 was best.} (29... Ke8 30. Nh7 Ng4 31. Nxg4 c4 32. Ngf6+ Kd8 33. Rxg7 Qc5 34. Nxd7 Kxd7 35. Rf1) 30. Qxf6 $1 {[%mdl 512] Accuracy: White = 96%, Black = 61%.} 1-0

[Event "Sharjah Master 2024"]
[Site "Shsrjah - Abu Dhabi"]
[Date "2024.05.14"]
[Round "1.6"]
[White "Daneshvar, Bardiya"]
[Black "Sarana, Alexey"]
[Result "1/2-1/2"]
[WhiteElo "2581"]
[BlackElo "2706"]
[PlyCount "122"]
[EventDate "2024.05.14"]
[EventCountry "UAE"]

{[%evp 18,122,61,59,60,57,74,3,6,0,0,1,0,-19,-17,-12,-13,-16,-17,-17,0,-2,-3,-7,-10,-95,-93,-91,-96,-108,-12,-9,-9,-14,-16,-14,-14,-16,-15,-17,13,8,13,13,20,18,15,-27,-28,-34,-38,-38,-33,-28,-12,-19,-19,-10,-8,-34,-16,-18,-28,-34,-1,-1,-1,-1,0,0,0,-1,-3,-1,0,-1,-1,-1,-1,-1,-1,-1,-1,-1,-1,-1,-3,-3,-1,-4,-3,-3,-3,-4,-3,-3,-3,-10,-9,-8,0,0,0,0,3,0,0]} 1. Nf3 d5 2. c4 e6 3. g3 Nf6 4. Bg2 Be7 5. O-O O-O 6. d4 c6 7. Nc3 Nbd7 8. Qd3 b6 9. e4 Ba6 10. b3 dxe4 11. Nxe4 b5 12. c5 $146 ({RR} 12. Nxf6+ Bxf6 13. Rd1 (13. Bf4 $16) 13... bxc4 14. bxc4 Nb6 15. Ba3 Bxc4 16. Qc2 Re8 17. Ne5 Bxe5 18. dxe5 Bd5 19. h4 (19. Rac1 $11) 19... Qc8 ({Black should play} 19... Nc4 $17 20. Bc5 Nxe5) 20. Rac1 (20. Bf1 $11 {remains equal.}) 20... Qa6 (20... Nc4 $17 21. Qc3 Qb8) 21. Bd6 h6 22. Rd4 c5 23. Rg4 Bxg2 24. Kxg2 Qb7+ 25. f3 (25. Kh2 $11) 25... Nd5 26. Qd2 Kh8 {Chigaev,M (2622)-Sanal,V (2567) chess.com INT 2024 1-0 (52)} (26... f5 $5 {[%cal Rf5g4]} 27. Rgc4 Rec8 $11)) ({RR} 12. Ned2 bxc4 13. Nxc4 c5 14. Bb2 Rc8 15. Rac1 Nb6 16. Nfe5 Nxc4 17. Nxc4 cxd4 18. Qxd4 Bc5 19. Qf4 Qe7 20. Rfd1 Rfd8 21. h3 Rxd1+ 22. Rxd1 Bxc4 23. bxc4 h6 24. Bf3 Bb6 25. Kg2 Qc5 26. Be2 Qc6+ {Muradli,M (2550)-Sarana,A (2688) Samarkand UZB 2023 ½-½ (61)}) (12. Nxf6+ $16 Bxf6 13. Ba3) 12... Nxc5 $1 $11 {[%mdl 64] [#] Pin} 13. Nxf6+ Bxf6 14. Qc2 Nd7 {[%cal Bc5d7,Bd7b6,Bb6d5,Bd5c3][%mdl 32]} ({Not} 14... Bxd4 $2 15. Nxd4 (15. Rd1 Bxa1 16. Rxd8 Raxd8 $16) 15... Qxd4 16. Be3 $18) 15. Qxc6 Nb6 16. Bd2 Rc8 17. Qe4 Nd5 18. Rfc1 Qd6 19. Ne5 b4 20. Ng4 Be7 21. Ne3 $6 {Inaccuracy. Ne5 was best.} (21. Ne5 Rfd8 22. h4 Bb5 23. Rxc8 Rxc8 24. Re1 h6 25. Qf3 Be8 26. Qd3 Rd8) (21. Qe5 $11 {keeps the balance.}) 21... Nc3 $17 22. Bxc3 bxc3 23. Bf1 {[#]} f5 $2 {Mistake. Bxf1 was best.} (23... Bxf1 24. Kxf1 (24. Rxf1 $17 {might work better.} Rfd8 25. Rad1)) (23... Bxf1 $1 $17 24. Rxf1 f5) 24. Qe5 $11 Qxe5 25. dxe5 Bxf1 26. Kxf1 f4 27. Nc4 fxg3 28. hxg3 Rf3 {aiming for ...Rcf8.} (28... Bc5 $5 {[%cal Rf8f2]} 29. f4 g5 $17) 29. Nd6 $1 {[%cal Rd6c8]} Rcf8 30. Ne4 Ba3 31. Rc2 $1 R3f5 32. Nd6 Rxe5 33. Nc4 Rh5 {Hoping for ...Rh1+.} 34. Kg2 $1 Bc5 35. Re1 Rhf5 {[%cal Rf5f2]} 36. f4 g5 37. Ne3 $1 {[%cal Re3f5]} R5f7 38. fxg5 Rf3 39. Ng4 Rd3 {White should prevent ...Rff3.} 40. Nf6+ Kg7 {With the idea ...Be3.} 41. Rxe6 {The position is equal.} Rd2+ 42. Re2 $1 $132 {[%mdl 2048] White is not holding back} Rxe2+ (42... Rfd8 {is more complex.} 43. Ne4 Bb4 44. Rf2 Ba5 45. Rc1 Bb6) 43. Rxe2 {[%mdl 4096] Endgame KRB-KRN} Bd4 44. Nh5+ Kf7 45. Kf3 Rc8 {Threatens to win with ...c2.} 46. Rc2 Rc5 47. Nf4 Rxg5 48. Ne2 Bf6 49. Ke4 Re5+ 50. Kd3 Rd5+ 51. Ke3 Rg5 52. Ke4 Rg4+ 53. Kf3 Rg8 54. Ke4 Re8+ 55. Kd3 Rd8+ 56. Ke3 Bg5+ 57. Kf2 Bf6 {Threatening ...Rd2.} 58. Ke3 Rg8 59. Ke4 h5 60. Nxc3 Rxg3 61. Nd5 {And now Rc7+ would win.} Rg4+ {Accuracy: White = 90%, Black = 90%.} 1/2-1/2

[Event "Sharjah Master 2024"]
[Site "Shsrjah - Abu Dhabi"]
[Date "2024.05.14"]
[Round "1.8"]
[White "Gurel, Ediz"]
[Black "Esipenko, Andrey"]
[Result "1/2-1/2"]
[WhiteElo "2578"]
[BlackElo "2703"]
[PlyCount "74"]
[EventDate "2024.05.14"]
[EventCountry "UAE"]

{[%evp 16,74,19,19,19,21,18,17,24,16,19,17,21,18,28,28,23,22,32,25,32,20,44,42,46,43,43,34,70,67,68,70,74,67,78,54,52,0,0,0,0,0,0,0,0,0,0,0,0,-8,-5,-8,0,-12,-2,-8,3,-10,-6,-6,10]} 1. e4 e5 2. Nf3 Nc6 3. Bb5 a6 4. Ba4 Nf6 5. O-O Be7 6. d3 b5 7. Bb3 d6 8. a3 O-O 9. Nc3 Rb8 10. Be3 h6 11. h3 Re8 12. Nh2 $146 ({RR} 12. Nd5 Bf8 13. Re1 Nxd5 14. Bxd5 Ne7 15. Ba2 Ng6 16. b4 Qf6 17. c3 Be6 18. a4 c5 19. Bxe6 Qxe6 20. axb5 axb5 21. Ra6 Ra8 22. Qa1 Rxa6 23. Qxa6 cxb4 24. cxb4 Qd7 25. Rc1 d5 26. Qc6 Qxc6 {Kramnik,V (2753)-Esipenko,A (2704) Rostov-on-Don RUS 2024 ½-½ (40)}) 12... Bf8 13. f4 exf4 14. Bxf4 Be6 15. Bxe6 Rxe6 16. Bg3 Ne5 17. Nf3 c5 18. Bh4 Ng6 19. Bxf6 Rxf6 20. Nd5 {[%cal Bc3d5,Bd5f4,Bf4h5][%mdl 32]} Re6 21. Qd2 Ne7 22. Nf4 Rf6 23. Nh5 Re6 24. Nf4 Rf6 25. Rae1 Rb7 26. Nh2 {[#] aiming for Ng4.} Ng6 {The position is equal.} 27. Nd5 Rxf1+ 28. Nxf1 Ne7 29. Nfe3 Nxd5 30. Nxd5 g6 31. Rf1 Bg7 32. c3 $36 {[%mdl 2048] White fights for an advantage.} a5 33. Kh1 Qg5 34. Qf2 Qe5 35. Qh4 {[#] Strongly threatening Qd8+.} Qg5 36. Qf2 Qe5 37. Qh4 {Hoping for Qd8+.} Qg5 {Accuracy: White = 92%, Black = 90%.} 1/2-1/2